<?xml version="1.0" encoding="UTF-8"?>
<record
    xmlns:xsi="http://www.w3.org/2001/XMLSchema-instance"
    xsi:schemaLocation="http://www.loc.gov/MARC21/slim http://www.loc.gov/standards/marcxml/schema/MARC21slim.xsd"
    xmlns="http://www.loc.gov/MARC21/slim">

  <leader>00714nam a22001337a 4500</leader>
  <datafield tag="040" ind1=" " ind2=" ">
    <subfield code="c">RUA</subfield>
  </datafield>
  <datafield tag="082" ind1=" " ind2=" ">
    <subfield code="a">AGR TAT 2016 B663 Or.1</subfield>
  </datafield>
  <datafield tag="100" ind1=" " ind2=" ">
    <subfield code="a">TAT RATANA &#x178F;&#x17B6;&#x178F; &#x179A;&#x178F;&#x17D2;&#x1793;&#x1793;&#x17B6;</subfield>
  </datafield>
  <datafield tag="245" ind1=" " ind2=" ">
    <subfield code="a">pesticide utilization on dry season rice in break ambel commune, saang district, kandal province &#x1780;&#x17B6;&#x179A;&#x1794;&#x17D2;&#x179A;&#x17BE;&#x1794;&#x17D2;&#x179A;&#x17B6;&#x179F;&#x17CB;&#x1790;&#x17D2;&#x1793;&#x17B6;&#x17C6;&#x1780;&#x179F;&#x17B7;&#x1780;&#x1798;&#x17D2;&#x1798;&#x179B;&#x17BE;&#x178A;&#x17C6;&#x178E;&#x17B6;&#x17C6;&#x179F;&#x17D2;&#x179A;&#x17BC;&#x179C;&#x1794;&#x17D2;&#x179A;&#x17B6;&#x17C6;&#x1784;&#x1793;&#x17C5;&#x1783;&#x17BB;&#x17C6;&#x1796;&#x17D2;&#x179A;&#x17C3;&#x1780;&#x17A2;&#x17C6;&#x1794;&#x17B7;&#x179B; &#x179F;&#x17D2;&#x179A;&#x17BB;&#x1780;&#x179F;&#x17D2;&#x17A2;&#x17B6;&#x1784; &#x1781;&#x17C1;&#x178F;&#x17D2;&#x178F;&#x1780;&#x178E;&#x17D2;&#x178F;&#x17B6;&#x179B;</subfield>
  </datafield>
  <datafield tag="260" ind1=" " ind2=" ">
    <subfield code="a">RUA</subfield>
    <subfield code="b">phnom penh</subfield>
    <subfield code="c">2016</subfield>
  </datafield>
  <datafield tag="300" ind1=" " ind2=" ">
    <subfield code="a">x,43p</subfield>
    <subfield code="b">ill;</subfield>
    <subfield code="c">29cm</subfield>
  </datafield>
  <datafield tag="856" ind1=" " ind2=" ">
    <subfield code="u">https://drive.google.com/file/d/1eXxGBT8UiPmfagMvXqheC_uGPpafH_X5/view?usp=sharing</subfield>
  </datafield>
  <datafield tag="942" ind1=" " ind2=" ">
    <subfield code="c">AGR</subfield>
  </datafield>
  <datafield tag="999" ind1=" " ind2=" ">
    <subfield code="c">19199</subfield>
    <subfield code="d">19199</subfield>
  </datafield>
  <datafield tag="952" ind1=" " ind2=" ">
    <subfield code="0">0</subfield>
    <subfield code="1">0</subfield>
    <subfield code="2">ddc</subfield>
    <subfield code="4">0</subfield>
    <subfield code="6">AGR_TAT_2016_000000000000000_B663_OR_1</subfield>
    <subfield code="7">0</subfield>
    <subfield code="9">84284</subfield>
    <subfield code="a">LBB</subfield>
    <subfield code="b">LBB</subfield>
    <subfield code="c">B633</subfield>
    <subfield code="d">2020-05-13</subfield>
    <subfield code="o">AGR TAT 2016 B663 Or.1</subfield>
    <subfield code="p">A43498</subfield>
    <subfield code="r">2020-05-13</subfield>
    <subfield code="w">2020-05-13</subfield>
    <subfield code="y">AGR</subfield>
  </datafield>
  <datafield tag="952" ind1=" " ind2=" ">
    <subfield code="0">0</subfield>
    <subfield code="1">0</subfield>
    <subfield code="2">ddc</subfield>
    <subfield code="4">0</subfield>
    <subfield code="6">AGR_TAT_2016_000000000000000_B663_OR_2</subfield>
    <subfield code="7">0</subfield>
    <subfield code="9">84285</subfield>
    <subfield code="a">LBB</subfield>
    <subfield code="b">LBB</subfield>
    <subfield code="c">B633</subfield>
    <subfield code="d">2020-05-13</subfield>
    <subfield code="l">9</subfield>
    <subfield code="o">AGR TAT 2016 B663 Or.2</subfield>
    <subfield code="p">A43485</subfield>
    <subfield code="r">2023-10-02</subfield>
    <subfield code="s">2023-09-18</subfield>
    <subfield code="w">2020-05-13</subfield>
    <subfield code="y">AGR</subfield>
  </datafield>
  <datafield tag="952" ind1=" " ind2=" ">
    <subfield code="0">0</subfield>
    <subfield code="1">0</subfield>
    <subfield code="2">ddc</subfield>
    <subfield code="4">0</subfield>
    <subfield code="6">AGR_TAT_2016_000000000000000_B663_OR_3</subfield>
    <subfield code="7">0</subfield>
    <subfield code="9">84286</subfield>
    <subfield code="a">LBB</subfield>
    <subfield code="b">LBB</subfield>
    <subfield code="c">B633</subfield>
    <subfield code="d">2020-05-13</subfield>
    <subfield code="o">AGR TAT 2016 B663 Or.3</subfield>
    <subfield code="p">A43495</subfield>
    <subfield code="r">2020-05-13</subfield>
    <subfield code="w">2020-05-13</subfield>
    <subfield code="y">AGR</subfield>
  </datafield>
  <datafield tag="952" ind1=" " ind2=" ">
    <subfield code="0">0</subfield>
    <subfield code="1">0</subfield>
    <subfield code="2">ddc</subfield>
    <subfield code="4">0</subfield>
    <subfield code="6">AGR_TAT_2016_000000000000000_B663_OR_4</subfield>
    <subfield code="7">0</subfield>
    <subfield code="9">84287</subfield>
    <subfield code="a">LBB</subfield>
    <subfield code="b">LBB</subfield>
    <subfield code="c">B633</subfield>
    <subfield code="d">2020-05-13</subfield>
    <subfield code="o">AGR TAT 2016 B663 Or.4</subfield>
    <subfield code="p">A43510</subfield>
    <subfield code="r">2020-05-13</subfield>
    <subfield code="w">2020-05-13</subfield>
    <subfield code="y">AGR</subfield>
  </datafield>
  <datafield tag="952" ind1=" " ind2=" ">
    <subfield code="0">0</subfield>
    <subfield code="1">0</subfield>
    <subfield code="2">ddc</subfield>
    <subfield code="4">0</subfield>
    <subfield code="6">AGR_TAT_2016_000000000000000_B663_OR_5</subfield>
    <subfield code="7">0</subfield>
    <subfield code="9">84288</subfield>
    <subfield code="a">LBB</subfield>
    <subfield code="b">LBB</subfield>
    <subfield code="c">B633</subfield>
    <subfield code="d">2020-05-13</subfield>
    <subfield code="o">AGR TAT 2016 B663 Or.5</subfield>
    <subfield code="p">A43430</subfield>
    <subfield code="r">2020-05-13</subfield>
    <subfield code="w">2020-05-13</subfield>
    <subfield code="y">AGR</subfield>
  </datafield>
  <datafield tag="952" ind1=" " ind2=" ">
    <subfield code="0">0</subfield>
    <subfield code="1">0</subfield>
    <subfield code="2">ddc</subfield>
    <subfield code="4">0</subfield>
    <subfield code="6">AGR_TAT_2016_000000000000000_B663_OR_6</subfield>
    <subfield code="7">0</subfield>
    <subfield code="9">84289</subfield>
    <subfield code="a">LBB</subfield>
    <subfield code="b">LBB</subfield>
    <subfield code="c">B633</subfield>
    <subfield code="d">2020-05-13</subfield>
    <subfield code="l">2</subfield>
    <subfield code="o">AGR TAT 2016 B663 Or.6</subfield>
    <subfield code="p">A43515</subfield>
    <subfield code="q">2025-01-28</subfield>
    <subfield code="r">2024-12-21</subfield>
    <subfield code="s">2024-12-21</subfield>
    <subfield code="w">2020-05-13</subfield>
    <subfield code="y">AGR</subfield>
  </datafield>
</record>
